000
00311nam a2200121Ia 4500
008
240624s9999 xx 000 0 und d
041
_a
eng
082
_a
332.6 COB
100
_a
COBY RON
245
_a
DISCOVER THE UPSIDE OF DOWN INVESTMENT S
260
_c
2009
_a
New Jersey
_b
John Wiley and Sons
365
_c
_b
27
999
_c
15415
_d
15415